Historia de la América-
Guardado en:
| Autor principal: | |
|---|---|
| Formato: | Libro |
| Lenguaje: | español |
| Publicado: |
Barcelona, España
Librería de J. Oliveres y Gavarró.
1840
|
| Edición: | Segunda edición |
| Colección: | Obras escogidas de W. Robertson
|
| Materias: | |
| Acceso en línea: | portada |
| Etiquetas: |
Agregar Etiqueta
Sin Etiquetas, Sea el primero en etiquetar este registro!
|
MARC
| LEADER | 00000cam a2200000 a 4500 | ||
|---|---|---|---|
| 001 | UCJ6513 | ||
| 003 | CL-VaPUC | ||
| 005 | 20250108102936.0 | ||
| 008 | 070124e18400000SP |||||||||||||||||spa|d | ||
| 999 | |c 322616 |d 322614 | ||
| 040 | |c Pontificia Universidad Católica de Valparaíso | ||
| 082 | 0 | 4 | |a 980 ROB 1840 |2 21 |
| 100 | 0 | |a Robertson, William |9 513271 | |
| 245 | 1 | 0 | |a Historia de la América- |
| 250 | |a Segunda edición | ||
| 260 | 0 | 3 | |a Barcelona, España |b Librería de J. Oliveres y Gavarró. |c 1840 |
| 300 | |a 4 volúmenes. | ||
| 490 | 0 | |a Obras escogidas de W. Robertson | |
| 583 | |a last modification |c 20130424 03:15:12 |k Rodrigo Vera | ||
| 600 | 0 | 7 | |a ENRIQUE EL NAVEGANTE |2 CL-VaPUC |9 507587 |
| 600 | 0 | 7 | |a COLON, CRISTOBAL |2 CL-VaPUC |9 265189 |
| 600 | 0 | 7 | |a MAGALLANES, HERNANDO DE |2 CL-VaPUC |9 368786 |
| 600 | 0 | 7 | |a PIZARRO, FRANCISCO |2 CL-VaPUC |9 446370 |
| 600 | 0 | 7 | |a CORTES, HERNAN |2 CL-VaPUC |9 258554 |
| 600 | 0 | 7 | |a LAS CASAS, BARTOLOME DE |2 CL-VaPUC |9 350359 |
| 650 | 0 | |a Descubrimientos geográficos |9 331933 | |
| 650 | 7 | |a BIOGRAFIAS |2 CL-VaPUC |9 504622 | |
| 650 | 0 | |a Historiografía |9 257871 | |
| 650 | 0 | |a Árabes |9 316264 | |
| 650 | 7 | |a PORTUGUESES |2 CL-VaPUC |9 446290 | |
| 650 | 7 | |a INSTRUMENTOS NAUTICOS |2 CL-VaPUC |9 511731 | |
| 650 | 0 | |a Colonización española |9 256592 | |
| 650 | 0 | |a Aborígenes |9 329972 | |
| 650 | 7 | |a GENOCIDIOS |2 CL-VaPUC |9 504579 | |
| 650 | 7 | |a EVANGELIZACION |2 CL-VaPUC |9 513272 | |
| 650 | 0 | |a Aztecas |9 265930 | |
| 650 | 7 | |a MAYAS |2 CL-VaPUC |9 267590 | |
| 650 | 7 | |a INCAS |2 CL-VaPUC |9 256565 | |
| 650 | 0 | |a Iconografía |9 267998 | |
| 651 | 0 | |a América |9 255182 | |
| 856 | 7 | |f UCJ6513_01.jpg |u http://opac.pucv.cl/pucv_img/Img-6500/UCJ6513_01.jpg |q JEPG |2 file |z portada | |
| 942 | |c BK |2 ddc | ||
| 945 | |d 20070124 00:00:00 |a rinostro | ||
| 952 | |0 0 |1 0 |2 ddc |4 0 |6 980_000000000000000_ROB_1840 |7 0 |8 X |9 401650 |a FDOBUD |b FDOBUD |d 2019-11-22 |h v.1 |i 104902K |o 980 ROB 1840 |p 104902K |r 2019-11-22 |t 1 |w 2019-11-22 |y BK_X |k BUD | ||
| 952 | |0 0 |1 0 |2 ddc |4 0 |6 980_000000000000000_ROB_1840 |7 0 |8 X |9 401651 |a FDOBUD |b FDOBUD |d 2019-11-22 |h v.2 |i 1049038 |o 980 ROB 1840 |p 1049038 |r 2019-11-22 |t 1 |w 2019-11-22 |y BK_X |k BUD | ||
| 952 | |0 0 |1 0 |2 ddc |4 0 |6 980_000000000000000_ROB_1840 |7 0 |8 X |9 401652 |a FDOBUD |b FDOBUD |d 2019-11-22 |h v.3 |i 1049046 |o 980 ROB 1840 |p 1049046 |r 2019-11-22 |t 1 |w 2019-11-22 |y BK_X |k BUD | ||
| 952 | |0 0 |1 0 |2 ddc |4 0 |6 980_000000000000000_ROB_1840 |7 0 |8 X |9 401653 |a FDOBUD |b FDOBUD |d 2019-11-22 |h v.4 |i 1049054 |o 980 ROB 1840 |p 1049054 |r 2019-11-22 |t 1 |w 2019-11-22 |y BK_X |k BUD | ||
| 952 | |0 0 |1 0 |2 ddc |4 0 |6 980_000000000000000_ROB_1840 |7 0 |8 X |9 401654 |a FDOBUD |b FDOBUD |d 2019-11-22 |h v.3 |i 4861809 |o 980 ROB 1840 |p 4861809 |r 2019-11-22 |t 2 |w 2019-11-22 |y BK_X |k BUD | ||